| 000 | 00565nam a2200205Ia 4500 | ||
|---|---|---|---|
| 003 | OSt | ||
| 005 | 20240810113951.0 | ||
| 008 | 210210b1950 xxu||||| |||| 00| 0 eng d | ||
| 040 | _cAL | ||
| 041 | _aMalayalam | ||
| 082 | _a872/29 | ||
| 100 |
_aKUTTY KRISHNA (MARAR) _dകുട്ടി കൃഷ്ണ മാരാർ _9176368 |
||
| 245 |
_aBharatha paryatanam _bഭാരതപര്യടനം |
||
| 260 |
_b- _c1950 |
||
| 650 |
_aparyatanam _9176369 |
||
| 650 |
_aBharatha _9176370 |
||
| 690 |
_aMalayalam _9176371 |
||
| 906 | _a002471 | ||
| 942 |
_2ddc _cBK |
||
| 999 |
_c124442 _d124442 |
||